| 000 | 00921nmc a2200313 a 4500 | ||
|---|---|---|---|
| 003 | AR-BaBNM | ||
| 005 | 20251128211800.0 | ||
| 008 | 116020s2001 ||||||||||||||000 | spa|| | ||
| 020 | _a84-95212-96-X | ||
| 040 | _cAR-BaBNM | ||
| 100 | 1 | _aGrau Rubio, Claudia | |
| 245 | 1 | 0 | _aLa pedagogía hospitalaria en el marco de una educación inclusiva |
| 260 |
_aMálaga _bAljibe _c2001 |
||
| 300 | 0 | _a177 p. | |
| 490 | 0 | _aEducación especial | |
| 504 | _aContiene referencias bibliográficas | ||
| 650 | 4 | _aEDUCACION ESPECIAL | |
| 650 | 4 | _aROL DEL DOCENTE | |
| 650 | 4 | _aMEDICOS | |
| 650 | 4 | _aINTEGRACION ESCOLAR | |
| 653 | 0 | _aEDUCACION HOSPITALARIA | |
| 653 | 0 | _aEDUCACION EN LA DIVERSIDAD | |
| 653 | 0 | _aNECESIDADES EDUCATIVAS ESPECIALES | |
| 653 | 0 | _aADAPTACIONES CURRICULARES | |
| 700 | 1 | _aOrtiz Gonzalez, María del Carmen | |
| 800 | 1 | _aSalvador Mata, Francisco | |
| 942 | _cBK | ||
| 998 | _cme-solo cat | ||
| 999 |
_c21087 _d21087 |
||